Analogue and digital electronics /

محفوظ في:
التفاصيل البيبلوغرافية
المؤلف الرئيسي: Warnes, L. A. A.
التنسيق: كتاب
اللغة:English
منشور في: Basingstoke, Hampshire : Macmillan, 1998.
الموضوعات:
الوسوم: إضافة وسم
لا توجد وسوم, كن أول من يضع وسما على هذه التسجيلة!
Thư viện lưu trữ: Mạng thư viện Đại học Đà Nẵng
LEADER 00869cam a2200337 i 4500
001 000047099
003 6633
005 20030314131255.0
008 010322|1998 vm 000 eng
020 |a 0333658205 (pbk.) 
040 |a IRC  |c IRC  |d IRC 
041 0 |a eng 
082 1 4 |a 621.381  |b WA-L 
100 1 |a Warnes, L. A. A. 
245 0 0 |a Analogue and digital electronics /  |c L. A. A. Warnes. 
260 |a Basingstoke, Hampshire :  |b Macmillan,  |c 1998. 
300 |a x, 572p. :  |b ill. 
630 0 4 |a Electronics. 
630 0 4 |a Digital electronics. 
650 0 4 |a Digital electronics. 
650 0 4 |a Analog electronic systems. 
OWN |a DUT 
999 |a From the UDN01 
TYP |a Monograph 
TYP |a Printed language 
980 |a Mạng thư viện Đại học Đà Nẵng